Normal view
MARC view
- لغة برمجة الحاسبات الالكترونية -فورتران
Entry Topical Term
001 - CONTROL NUMBER
- control field: 42178
003 - CONTROL NUMBER IDENTIFIER
- control field: JO-AjAnu
005 - DATE AND TIME OF LATEST TRANSACTION
- control field: 20230606081011.0
008 - FIXED-LENGTH DATA ELEMENTS
- fixed length control field: 230606|| aca||aabn | a|a d
040 ## - CATALOGING SOURCE
- Original cataloging agency: JO-AjAnu
- Transcribing agency: JO-AjAnu
150 ## - HEADING--TOPICAL TERM
- Topical term or geographic name entry element: لغة برمجة الحاسبات الالكترونية -فورتران
670 ## - SOURCE DATA FOUND
- Source citation: Work cat.: (JO-AjAnu)21608: منصور، عوض, author 42177, فورتران 77 : مع تطبيقات علمية و هندسية